000 00522nam a2200169Ia 4500
005 20250923144703.0
008 008 250917s9999 xx 000 0 eng d
037 _aTextual
040 _aDSWL
_beng
_cDSWL
041 _aeng
_2eng
084 _aYX,zQ.435N5t4, N58
_qDSWL
245 0 _aSocial survey on beggars and vaqrants
_cby Central Welfare Council
260 _aMalaya
_b C.W.C. federation of Malaya
_c1958
300 _av,81p.
942 _cTEXL
_hYX,zQ.435N5t4, N58
999 _c1442063
_d1442063